00827nam a2200157 a 450000100100000000500170001000800410002704000250006824501040009326000790019730000200027671001170029671000560041395201830046999900170065200004622920210420113210.0150708s1998 dr 000 0 spa d aDO-SdBNPbspacBNPHU00aGuía metodológica para el profesor del manual de lectoescritura :bpor la vida, para la vida /. a[Santo Domingo] :bDirección Genral de Educación de Adultos,c[1998?]. a49 p. ;c31 cm.2 aSecretaría de Estado de Educación Bellas Artes y CultosbDirección Genral de Educación de Adultos974265 aFondo de las Naciones Unidas para la Infancia99270 0010718PDaPDbPDcHDd2015-07-08iLF1l0o p46229-10r2020-06-25w2020-06-25yLFPDzPerteneció a la biblioteca personal de Chiqui Vicioso / Fidelio Despradel.ZNo se presta c45718d45718